Francúzsky jazyk reálie ČSSR a vybraných krajín francúzskej jazykovej oblasti

Gespeichert in:
Bibliographische Detailangaben
1. Verfasser: Baranová, Elena
Körperschaft: Vysoká škola ekonomická v Bratislave. Fakulta ekonomiky služieb a cestovného ruchu v Banskej Bystrici
Weitere Verfasser: Paulisová, Jana, Schneider, Alain
Format: Buch
Sprache:Slowakisch
Veröffentlicht: Bratislava VŠE 1984
Ausgabe:1. vyd.
Tags: Tag hinzufügen
Keine Tags, Fügen Sie das erste Tag hinzu!

MARC

LEADER 00000nam a2200000 4500
001 c114738
005 20221220085000.2
041 0 |a slo 
044 |a SK 
245 1 0 |a Francúzsky jazyk  |b reálie ČSSR a vybraných krajín francúzskej jazykovej oblasti  |c Elena Baranová, Jana Paulisová, Alain Schneider 
250 |a 1. vyd. 
264 1 |a Bratislava  |b VŠE  |c 1984 
300 |a 126 s. 
100 1 |a Baranová, Elena 
700 1 |a Paulisová, Jana 
700 1 |a Schneider, Alain 
710 2 |a Vysoká škola ekonomická v Bratislave. Fakulta ekonomiky služieb a cestovného ruchu v Banskej Bystrici